| 000 | 00435cam a22001097a 4500 | ||
|---|---|---|---|
| 008 | 180718b1957 xxu||||| |||| 00| 0 eng d | ||
| 082 | _aA452x73 Un3 | ||
| 100 | _aEisenbower, Dwight D. | ||
| 245 |
_aPublic papers of the Presidents of the United States, 1957 _cby Dwight D. Eisenbower |
||
| 260 |
_aWashington, D.C. _bFederal Register Division, National Archives and records Service, General Services Administration _c1957 |
||
| 300 | _a939p. | ||
| 999 |
_c388921 _d388921 |
||